| 000 | 00556nam a2200217Ia 4500 | ||
|---|---|---|---|
| 003 | OSt | ||
| 005 | 20241010051005.0 | ||
| 008 | 240925s9999 xx 000 0 und d | ||
| 020 | _a8170294827 | ||
| 040 | _csd | ||
| 082 | _a004.692 REN | ||
| 100 | _aRennie , Cindy | ||
| 245 | 0 | _aCc:Mail Plain & Simple | |
| 250 | _aNA | ||
| 260 |
_aNew Delhi: _bBPB Publication _c,1994. |
||
| 300 |
_axvi,265p. _bNA _fOriginal |
||
| 500 | _aIncludes Index | ||
| 600 | _aComputer Science | ||
| 650 | _aComputer science, information & general works | ||
| 942 |
_cBK _2ddc |
||
| 999 |
_c2634 _d2634 |
||